000 00554nam a2200193 4500
008 b xx# eng u
010 _a1565
040 _aLB-BrCRDP
082 _a809/E99e
100 1 _aEzzat, Ali G.E.
130 1 _lEN
245 1 0 _aEssays on language and literature
_cAli G.E. Essat
260 _aBeirut
_bBeirut Arab University
_c1972
300 _ax, 134p. ;
_c20 x 14cm
500 _aBibliography at the end of chapters
650 _aLiterature
_xHistory and criticism
942 _cBK
999 _c13420
_d13420